000 00216 a2200097 4500
001 48265
100 _aMasbikh-ul-Haq
245 _aBahozoor-i Iqbal
260 _aLahore
_bMawara publishers
_c
090 _c31219
_d31219
942 _aNUST-CAE
_cM
_c23580
999 _c283338
_d283338